[Event "CHI-ch (Women)"]
[Site "Santiago de Chile"]
[Date "2023.02.18"]
[Round "10"]
[White "Cortes Arias, Mariela Natalia"]
[Black "Sanchez Tobar, Francisca Valentina"]
[Result "0-1"]
[WhiteElo "1716"]
[BlackElo "1900"]
[PlyCount "76"]
[EventDate "2023.02.11"]
[EventType "tourn"]
[EventRounds "11"]
[EventCountry "CHI"]
[SourceTitle "CBM 212 Extra"]
[Source "ChessBase"]
[SourceDate "2023.03.31"]
[SourceVersion "1"]
[SourceVersionDate "2023.03.31"]
[SourceQuality "1"]

1. d4 Nf6 2. Nc3 d5 3. Bg5 g6 4. f3 Bg7 5. e4 dxe4 6. fxe4 0-0 7. Qd2 c6 8. e5 Nd5 9. Nxd5 cxd5 10. Bh6 Bf5 11. Bxg7 Kxg7 12. h4 h5 13. Be2 Qd7 14. Nh3 Nc6 15. 0-0-0 f6 16. exf6+ exf6 17. Nf2 Rac8 18. Bd3 Nxd4 19. c3 Nc6 20. g4 hxg4 21. h5 g5 22. h6+ Kh8 23. Rhg1 Nb4 24. Kb1 Nxd3 25. Nxd3 d4 26. Ka1 dxc3 27. bxc3 Rfd8 28. Qf2 Qh7 29. Rgf1 Rxc3 30. Qb2 Qc7 31. Rxf5 Rdxd3 32. Rdf1 Rf3 33. Rxf6 Rxf6 34. Re1 Kh7 35. Qb1+ Rc2 36. Re7+ Qxe7 37. Qxc2+ Kxh6 38. Qh2+ Kg7 0-1

[Event "CHI-ch (Women)"]
[Site "Santiago de Chile"]
[Date "2023.02.14"]
[Round "5"]
[White "Cortes Arias, Mariela Natalia"]
[Black "Rozas Lazcano, Valeska"]
[Result "1/2-1/2"]
[WhiteElo "1716"]
[BlackElo "1604"]
[PlyCount "79"]
[EventDate "2023.02.11"]
[EventType "tourn"]
[EventRounds "11"]
[EventCountry "CHI"]
[SourceTitle "CBM 212 Extra"]
[Source "ChessBase"]
[SourceDate "2023.03.31"]
[SourceVersion "1"]
[SourceVersionDate "2023.03.31"]
[SourceQuality "1"]

1. d4 f5 2. e4 fxe4 3. Nc3 Nf6 4. Bg5 e6 5. Nxe4 Be7 6. Bxf6 Bxf6 7. Qh5+ g6 8. Qh6 d5 9. Nxf6+ Qxf6 10. 0-0-0 Bd7 11. Nf3 a6 12. h4 Nc6 13. Qg5 Rf8 14. Qxf6 Rxf6 15. h5 gxh5 16. Rxh5 h6 17. Be2 Ke7 18. Rdh1 Rg8 19. g3 Rgf8 20. Ne5 Nxe5 21. Rxe5 Rxf2 22. Rxh6 R8f6 23. Rxf6 Kxf6 24. Kd1 c5 25. c3 c4 26. g4 Kg6 27. Rh5 Rf8 28. Kd2 b5 29. a3 a5 30. Re5 Rb8 31. Bd1 Rh8 32. Bc2+ Kg7 33. Rh5 Rxh5 34. gxh5 Be8 35. Bd1 Kf6 36. Ke3 Kg5 37. Bf3 Bf7 38. Be2 Be8 39. Bf3 Bf7 40. Be2 1/2-1/2

[Event "San Pedro de la Paz-B"]
[Site "San Pedro de la Paz"]
[Date "2022.03.10"]
[Round "4"]
[White "Constanzo Vivanco, Mario Felipe"]
[Black "Cortes Arias, Mariela Natalia"]
[Result "1/2-1/2"]
[WhiteElo "1990"]
[BlackElo "1824"]
[PlyCount "57"]
[EventDate "2022.03.07"]
[EventType "tourn"]
[EventRounds "9"]
[EventCountry "CHI"]
[SourceTitle "CBM 207 Extra"]
[Source "ChessBase"]
[SourceDate "2022.05.31"]
[SourceVersion "1"]
[SourceVersionDate "2022.05.31"]
[SourceQuality "1"]

1. e4 c5 2. Nf3 g6 3. d4 cxd4 4. Nxd4 Nc6 5. Nc3 Bg7 6. Nde2 Nf6 7. h3 b5 8. a3 a5 9. g4 h6 10. Bg2 Rb8 11. 0-0 0-0 12. Bf4 d6 13. Qd2 g5 14. Be3 Ne5 15. b3 b4 16. Nb1 Ba6 17. Ra2 Ng6 18. Rd1 Bxe2 19. Qxe2 Nd7 20. axb4 axb4 21. Ra4 Nf4 22. Qd2 Nxg2 23. Kxg2 Qc7 24. Rxb4 Rxb4 25. Qxb4 Qxc2 26. Rc1 Qe2 27. Qc4 Qxc4 28. Rxc4 Rb8 29. Nd2 1/2-1/2

[Event "Heusenstamm Sparkassen op-A 5th"]
[Site "Heusenstamm"]
[Date "2018.11.25"]
[Round "6"]
[White "Cortes Arias, Mariela Natalia"]
[Black "Berberich, Christoph"]
[Result "0-1"]
[WhiteElo "1831"]
[BlackElo "1997"]
[PlyCount "102"]
[EventDate "2018.11.22"]
[EventType "swiss"]
[EventRounds "7"]
[EventCountry "GER"]
[SourceTitle "CBM 188 Extra"]
[Source "ChessBase"]
[SourceDate "2019.02.26"]
[SourceVersion "1"]
[SourceVersionDate "2019.02.26"]
[SourceQuality "1"]

1. d4 Nf6 2. Nc3 g6 3. e4 d6 4. Be2 Bg7 5. h4 0-0 6. h5 c5 7. d5 e6 8. hxg6 hxg6 9. Bh6 Bxh6 10. Rxh6 Kg7 11. Qd2 exd5 12. exd5 Rh8 13. Rxh8 Qxh8 14. 0-0-0 Na6 15. Nh3 Nc7 16. f4 Bf5 17. Rh1 Qh4 18. Bf3 Rh8 19. b3 b5 20. Nf2 Qg3 21. Rxh8 Kxh8 22. Nce4 Bxe4 23. Nxe4 Nxe4 24. Bxe4 b4 25. f5 Kg7 26. fxg6 fxg6 27. Qe2 Qg5+ 28. Kb1 Nxd5 29. Bxd5 Qxd5 30. Qe7+ Kh6 31. Qh4+ Qh5 32. Qf4+ Qg5 33. Qf8+ Kh5 34. Qf3+ Qg4 35. Qd5+ g5 36. Qf7+ Kh4 37. Qf2+ Qg3 38. Qe2 Qe5 39. Qf2+ Qg3 40. Qe2 Qf4 41. Qe1+ Kg4 42. Qe6+ Kg3 43. Qh3+ Kf2 44. g4 Kg1 45. Qh5 Kg2 46. Qg6 Kg3 47. Qe6 Qe5 48. Qf5 Qf4 49. Qe6 Kh4 50. Qd7 Qxg4 51. Qxd6 Qg1+ 0-1

[Event "Heusenstamm Sparkassen op-A 5th"]
[Site "Heusenstamm"]
[Date "2018.11.24"]
[Round "4"]
[White "Cortes Arias, Mariela Natalia"]
[Black "Kuerschner, Matthias"]
[Result "0-1"]
[WhiteElo "1831"]
[BlackElo "1985"]
[PlyCount "62"]
[EventDate "2018.11.22"]
[EventType "swiss"]
[EventRounds "7"]
[EventCountry "GER"]
[SourceTitle "CBM 188 Extra"]
[Source "ChessBase"]
[SourceDate "2019.02.26"]
[SourceVersion "1"]
[SourceVersionDate "2019.02.26"]
[SourceQuality "1"]

1. d4 c5 2. dxc5 Qa5+ 3. Nc3 Qxc5 4. e4 Nf6 5. Bd3 a6 6. Nf3 d6 7. 0-0 g6 8. Be3 Qc7 9. h3 Bg7 10. Qd2 0-0 11. Bh6 b5 12. Qg5 Bb7 13. Bxg7 Kxg7 14. Nh4 e6 15. Rae1 Nbd7 16. f4 Qc5+ 17. Qxc5 Nxc5 18. Re3 b4 19. e5 bxc3 20. exf6+ Kxf6 21. bxc3 Rab8 22. g4 Bc6 23. f5 gxf5 24. gxf5 Rg8+ 25. Kf2 e5 26. Rg1 Rxg1 27. Kxg1 Rb2 28. Bc4 Rxc2 29. Bb3 Rb2 30. c4 Kg5 31. Nf3+ Kf4 0-1

[Event "American Continental 14th"]
[Site "Montevideo"]
[Date "2018.06.04"]
[Round "5"]
[White "Avgoustopoulos, Christian"]
[Black "Cortes Arias, Mariela Natalia"]
[Result "1/2-1/2"]
[WhiteElo "2110"]
[BlackElo "1830"]
[PlyCount "168"]
[EventDate "2018.06.01"]
[EventType "swiss"]
[EventRounds "11"]
[EventCountry "URU"]
[SourceTitle "CBM 184 Extra"]
[Source "ChessBase"]
[SourceDate "2018.06.28"]
[SourceVersion "1"]
[SourceVersionDate "2018.06.28"]
[SourceQuality "1"]

1. e4 c5 2. Nc3 Nc6 3. f4 g6 4. Nf3 Bg7 5. d3 d6 6. g3 e6 7. Bg2 Nge7 8. 0-0 0-0 9. Ne2 Rb8 10. c3 d5 11. e5 h5 12. Be3 b6 13. Rb1 Nf5 14. Bf2 a5 15. a3 d4 16. b4 cxb4 17. axb4 dxc3 18. bxa5 bxa5 19. Rxb8 Nxb8 20. Qc2 Ba6 21. Rd1 Qc7 22. Nfd4 Nxd4 23. Bxd4 Rc8 24. Be4 Nc6 25. Bxc3 Nb4 26. Qd2 Bf8 27. Rc1 Qd7 28. Ra1 Bc5+ 29. d4 Bxe2 30. dxc5 Qxd2 31. Bxd2 Rxc5 32. Kf2 Rc4 33. Bxg6 fxg6 34. Kxe2 Nc6 35. Kd3 Rd4+ 36. Ke3 Rd5 37. Rc1 Nb4 38. Rc4 Rd3+ 39. Ke2 Rb3 40. Rc8+ Kf7 41. Ra8 Nc6 42. Ra6 Nd4+ 43. Kf2 Rb2 44. Ke3 Nb3 45. Ra7+ Kf8 46. Bxa5 Nxa5 47. Rxa5 Rxh2 48. Ra7 Rg2 49. Kf3 Rb2 50. Rc7 Ra2 51. Ke3 Ra3+ 52. Kf2 Ra2+ 53. Kf3 Ra3+ 54. Kg2 Kg8 55. Kh3 Ra1 56. Kh4 Rg1 57. Re7 Rg2 58. Rxe6 Kf7 59. Rf6+ Kg7 60. Rb6 Rg1 61. Kh3 Rh1+ 62. Kg2 Rb1 63. Rc6 Rb3 64. Kh3 Rb2 65. g4 hxg4+ 66. Kxg4 Rg2+ 67. Kf3 Rg1 68. Rc7+ Kf8 69. Ra7 Ke8 70. Ke4 Rg4 71. Kf3 Rg1 72. Rb7 Kf8 73. Rb6 Kf7 74. Rf6+ Ke7 75. Kf2 Rg4 76. Ke3 Rg1 77. Kf3 Ke8 78. Ke4 Ke7 79. Ra6 Re1+ 80. Kf3 Rg1 81. Rf6 Ke8 82. Ke4 Ke7 83. f5 gxf5+ 84. Rxf5 Re1+ 1/2-1/2

[Event "American Continental 10th"]
[Site "Praia da Pipa"]
[Date "2014.10.24"]
[Round "9"]
[White "Barreto Junior, Williem Silva"]
[Black "Cortes Arias, Mariela Natalia"]
[Result "1/2-1/2"]
[WhiteElo "2006"]
[BlackElo "1858"]
[PlyCount "95"]
[EventDate "2014.10.18"]
[EventType "swiss"]
[EventRounds "11"]
[EventCountry "BRA"]
[SourceTitle "EXT 2015"]
[Source "ChessBase"]
[SourceDate "2014.11.20"]
[SourceVersion "1"]
[SourceVersionDate "2014.11.20"]
[SourceQuality "1"]

1. Nf3 c5 2. g3 g6 3. Bg2 Bg7 4. 0-0 Nc6 5. d3 d5 6. Nbd2 e5 7. e4 d4 8. a4 Nge7 9. Nc4 0-0 10. Bd2 Bg4 11. h3 Be6 12. b3 h6 13. Qc1 Kh7 14. a5 Qd7 15. Kh2 Rab8 16. Ng1 Bxc4 17. bxc4 b5 18. axb6 Rxb6 19. Qa3 Qd6 20. Rfb1 Rfb8 21. Rxb6 Rxb6 22. Ne2 g5 23. Nc1 Nc8 24. Nb3 Bf8 25. Bf3 Qf6 26. Kg2 Bd6 27. Bg4 N8e7 28. Bd7 h5 29. Qc1 Kg6 30. g4 h4 31. Ra4 Rb7 32. Bf5+ Kh6 33. f3 Ng6 34. Ra6 Rb6 35. Qa3 Qd8 36. Ra4 Nf4+ 37. Kh2 Qe7 38. Na5 Nb4 39. Bxb4 cxb4 40. Qa2 Ne2 41. Qb2 Nc3 42. Ra1 Bb8 43. Nb3 Qc7 44. Ra5 Qc6 45. Qa1 Kg7 46. Nc5 Bd6 47. Nb3 Bb8 48. Nc5 1/2-1/2

[Event "American Continental 10th"]
[Site "Praia da Pipa"]
[Date "2014.10.22"]
[Round "7"]
[White "Rodrigues, Nei Jorge"]
[Black "Cortes Arias, Mariela Natalia"]
[Result "0-1"]
[WhiteElo "2033"]
[BlackElo "1858"]
[PlyCount "72"]
[EventDate "2014.10.18"]
[EventType "swiss"]
[EventRounds "11"]
[EventCountry "BRA"]
[SourceTitle "EXT 2015"]
[Source "ChessBase"]
[SourceDate "2014.11.20"]
[SourceVersion "1"]
[SourceVersionDate "2014.11.20"]
[SourceQuality "1"]

1. c4 c5 2. Nf3 Nc6 3. e3 e5 4. Nc3 d6 5. d3 g6 6. Be2 Bg7 7. 0-0 Nge7 8. Rb1 0-0 9. a3 a5 10. Bd2 d5 11. cxd5 Nxd5 12. Qc2 b6 13. b3 Ba6 14. Rfd1 Rc8 15. Nxd5 Qxd5 16. Bc3 Nd4 17. Bxd4 cxd4 18. Qd2 Rc3 19. exd4 exd4 20. Qb2 Rfc8 21. Ne1 Bh6 22. b4 a4 23. Bf3 Qd7 24. h3 Rb3 25. Qa1 Rcc3 26. Rxb3 axb3 27. Qb2 Bb5 28. Be2 Ba4 29. Nf3 Rc2 30. Qxd4 Rxe2 31. Qxb6 b2 32. Rb1 Qxd3 33. Rxb2 Rxb2 34. Qb8+ Bf8 35. Ne5 Rb1+ 36. Kh2 Qd6 0-1

[Event "Arequipa op 1st"]
[Site "Arequipa"]
[Date "2013.06.01"]
[Round "5"]
[White "Condori Aranya, Edwin"]
[Black "Cortes Arias, Mariela Natalia"]
[Result "0-1"]
[WhiteElo "2163"]
[BlackElo "1828"]
[PlyCount "70"]
[EventDate "2013.05.25"]
[EventType "swiss"]
[EventRounds "9"]
[EventCountry "PER"]
[SourceTitle "EXT 2014"]
[Source "ChessBase"]
[SourceDate "2013.11.20"]
[SourceVersion "1"]
[SourceVersionDate "2013.11.20"]
[SourceQuality "1"]

1. c4 Nf6 2. Nc3 g6 3. g3 Bg7 4. Bg2 0-0 5. d4 d6 6. Nf3 Nc6 7. 0-0 e5 8. h3 Nd7 9. Bg5 f6 10. Be3 Ne7 11. Bc1 h6 12. e4 f5 13. b3 exd4 14. Nxd4 Nc5 15. Bb2 fxe4 16. Nce2 c6 17. Bc3 d5 18. Qc2 Nd3 19. c5 Nf5 20. Rad1 Ne5 21. Kh1 g5 22. Bxe4 Nxd4 23. Bxd4 Bxh3 24. Bg2 Bxg2+ 25. Kxg2 Qe8 26. Qb2 Rf7 27. Ng1 Qe6 28. Rfe1 Re8 29. Re2 Qf5 30. Rde1 Rfe7 31. Qc3 g4 32. Re3 Qh5 33. R1e2 Nf3 34. Nxf3 gxf3+ 35. Rxf3 Bxd4 0-1

[Event "Montevideo zt 2.5 (Women)"]
[Site "Montevideo"]
[Date "2013.04.22"]
[Round "5"]
[White "Cortes Arias, Mariela Natalia"]
[Black "Avalos, Leticia"]
[Result "1-0"]
[WhiteElo "1833"]
[BlackElo "1725"]
[PlyCount "145"]
[EventDate "2013.04.19"]
[EventType "swiss"]
[EventRounds "9"]
[EventCountry "URU"]
[SourceTitle "EXT 2014"]
[Source "ChessBase"]
[SourceDate "2013.11.20"]
[SourceVersion "1"]
[SourceVersionDate "2013.11.20"]
[SourceQuality "1"]

1. d4 e6 2. c4 Nf6 3. Nc3 Bb4 4. e3 b6 5. Nge2 Bb7 6. a3 Be7 7. d5 e5 8. Ng3 d6 9. Bd3 c6 10. e4 Nbd7 11. b4 a5 12. Rb1 Qc7 13. Nf5 Bf8 14. Qb3 g6 15. Ne3 Bg7 16. 0-0 axb4 17. axb4 0-0 18. Bb2 Rfc8 19. Rfc1 Nh5 20. g3 Qd8 21. Na4 Rab8 22. dxc6 Bxc6 23. Nd5 Kh8 24. Nac3 Qg5 25. Nb5 Bxb5 26. cxb5 f5 27. Rc6 fxe4 28. Bxe4 Nhf6 29. Bg2 Ne8 30. Rbc1 Rd8 31. Nc7 Nf8 32. Nxe8 Rxe8 33. Rxd6 Red8 34. Rcd1 Rxd6 35. Rxd6 Qe7 36. Rc6 h6 37. Be4 Kh7 38. Bc3 Qg5 39. Qc2 h5 40. Bd2 Qg4 41. f3 Qd7 42. Bxg6+ Nxg6 43. Qxg6+ Kg8 44. Be3 Qd1+ 45. Kg2 Qe2+ 46. Bf2 Rf8 47. Qe4 Qxb5 48. Qc4+ Qxc4 49. Rxc4 Rf6 50. b5 Rd6 51. Rc8+ Kf7 52. Rb8 Rd2 53. Rxb6 e4 54. Rb7+ Kg6 55. Rxg7+ Kxg7 56. fxe4 Kf6 57. b6 Rb2 58. Kf3 Ke5 59. Be3 Rb3 60. h3 Rb1 61. g4 hxg4+ 62. hxg4 Rb3 63. g5 Rb4 64. Bf4+ Ke6 65. Bc7 Rb1 66. Ke3 Rb5 67. Kd4 Rxg5 68. b7 Rb5 69. b8Q Rxb8 70. Bxb8 Kf6 71. Kd5 Kf7 72. Kd6 Ke8 73. Ke6 1-0

[Event "Montevideo zt 2.5 (Women)"]
[Site "Montevideo"]
[Date "2013.04.21"]
[Round "4"]
[White "Perez, Dalila"]
[Black "Cortes Arias, Mariela Natalia"]
[Result "1-0"]
[WhiteElo "1763"]
[BlackElo "1833"]
[PlyCount "65"]
[EventDate "2013.04.19"]
[EventType "swiss"]
[EventRounds "9"]
[EventCountry "URU"]
[SourceTitle "EXT 2014"]
[Source "ChessBase"]
[SourceDate "2013.11.20"]
[SourceVersion "1"]
[SourceVersionDate "2013.11.20"]
[SourceQuality "1"]

1. c4 c5 2. Nc3 Nc6 3. g3 e5 4. Bg2 g6 5. e3 Bg7 6. a3 a5 7. Nb5 d6 8. Ne2 Be6 9. Qa4 Qd7 10. Nec3 Rc8 11. Nd5 Qd8 12. Na7 Nge7 13. Nxc8 Nxc8 14. b4 0-0 15. bxc5 dxc5 16. Rb1 Qd7 17. Qb5 Bh3 18. 0-0 Bxg2 19. Kxg2 b6 20. Bb2 Qb7 21. Bc3 N6e7 22. e4 f5 23. Qxc5 fxe4 24. Nxe7+ Nxe7 25. Rxb6 Qd7 26. Bxe5 Rf5 27. Qd6 Qxd6 28. Bxd6 Bd4 29. Rb8+ Kf7 30. Rb7 Bf6 31. Re1 Be5 32. Rxe7+ Kf6 33. Rxe5 1-0

[Event "Montevideo zt 2.5 (Women)"]
[Site "Montevideo"]
[Date "2013.04.19"]
[Round "1"]
[White "Cortes Arias, Mariela Natalia"]
[Black "Lujan, Carolina"]
[Result "0-1"]
[WhiteElo "1833"]
[BlackElo "2366"]
[PlyCount "118"]
[EventDate "2013.04.19"]
[EventType "swiss"]
[EventRounds "9"]
[EventCountry "URU"]
[SourceTitle "EXT 2014"]
[Source "ChessBase"]
[SourceDate "2013.11.20"]
[SourceVersion "1"]
[SourceVersionDate "2013.11.20"]
[SourceQuality "1"]

1. d4 Nf6 2. c4 g6 3. Nc3 d5 4. Nf3 Bg7 5. Bg5 Ne4 6. cxd5 Nxg5 7. Nxg5 e6 8. Nf3 exd5 9. b4 0-0 10. e3 Qd6 11. Qb3 c6 12. Be2 Be6 13. Na4 Nd7 14. Rc1 Rac8 15. 0-0 a6 16. Nc5 Nxc5 17. bxc5 Qe7 18. Ne1 Rce8 19. Nd3 Bc8 20. Rfe1 Qc7 21. Bf1 Re7 22. Qb4 Rfe8 23. Rb1 f5 24. g3 g5 25. Qd2 Re6 26. f4 Qe7 27. Ne5 Bxe5 28. fxe5 Rf8 29. Bg2 Rh6 30. Rf1 Qg7 31. Rf2 Be6 32. Rb6 Rf7 33. Rb1 Rg6 34. Rbf1 Qh6 35. Qc1 Rgg7 36. Qd2 Rf8 37. Qc1 Rgf7 38. Qd2 Qg6 39. Qc1 h5 40. Qb1 Qh6 41. Qc1 h4 42. Qd2 hxg3 43. hxg3 Rh7 44. Rf3 g4 45. Rf4 Qh2+ 46. Kf2 Rh3 47. Ke1 Rxg3 48. R4f2 Qh6 49. Rf4 Qh4 50. Qf2 Rxe3+ 51. Kd2 Qxf2+ 52. R1xf2 Ra3 53. Ke1 Rf7 54. Rb2 Kg7 55. Kd1 Kg6 56. Kc1 Kg5 57. Rbf2 Rh7 58. Kb2 Re3 59. Bf1 g3 0-1

[Event "Santiago de Chile zt 2.5 (Women)"]
[Site "Santiago de Chile"]
[Date "2011.??.??"]
[Round "4"]
[White "Abarca Gonzalez, Damaris"]
[Black "Cortes Arias, Mariela Natalia"]
[Result "1/2-1/2"]
[WhiteElo "1995"]
[BlackElo "1771"]
[PlyCount "138"]
[EventDate "2011.08.26"]
[EventType "swiss"]
[EventRounds "9"]
[EventCountry "CHI"]
[SourceTitle "CBM 144 Extra"]
[Source "ChessBase"]
[SourceDate "2011.10.28"]
[SourceVersion "1"]
[SourceVersionDate "2011.10.28"]
[SourceQuality "1"]

1. e4 e6 2. d3 d5 3. Nd2 c5 4. g3 Nc6 5. Bg2 g6 6. Ngf3 Bg7 7. 0-0 Nge7 8. Re1 b6 9. Nf1 dxe4 10. dxe4 Qxd1 11. Rxd1 Ba6 12. c3 0-0 13. Bg5 Rad8 14. Bxe7 Nxe7 15. Ne3 Bd3 16. Ne1 Be2 17. Rxd8 Rxd8 18. Bf1 Rd2 19. Bxe2 Rxe2 20. Rb1 Bh6 21. Kf1 Rd2 22. Ng4 Bg7 23. Nf3 Rd8 24. Ne3 Nc6 25. Ke2 Kf8 26. a4 h6 27. Nc4 Ke7 28. Ne1 Ne5 29. Ne3 g5 30. f4 gxf4 31. gxf4 Ng6 32. Nd3 h5 33. Nc4 Bh6 34. Rf1 Nh4 35. Rg1 Ng6 36. Rf1 Nh4 37. Nce5 Rg8 38. Nc6+ Kd6 39. Nxa7 Rg2+ 40. Rf2 c4 41. Nb5+ Ke7 42. Ne5 Rxf2+ 43. Kxf2 Bxf4 44. Nxc4 Bxh2 45. Nxb6 Ng6 46. Kg2 Bb8 47. Nd4 Nf4+ 48. Kf3 Bc7 49. a5 Nd3 50. Nc4 Nc5 51. b4 Na4 52. a6 Nb6 53. a7 Na8 54. e5 Kd7 55. Nb5 Kc6 56. Nxc7 Nxc7 57. Nd6 Kb6 58. Nxf7 Kxa7 59. c4 Na6 60. b5 Nc5 61. Kf4 Kb6 62. Kg5 Nd7 63. Kxh5 Kc5 64. Nd8 Nxe5 65. Nxe6+ Kxc4 66. b6 Nd7 67. b7 Kb5 68. Nf8 Nb8 69. Ng6 Kb6 1/2-1/2

[Event "Santiago de Chile zt 2.5 (Women)"]
[Site "Santiago de Chile"]
[Date "2011.??.??"]
[Round "1"]
[White "Cortes Arias, Mariela Natalia"]
[Black "Vargas Reyes, Ana Gabriela"]
[Result "1/2-1/2"]
[WhiteElo "1771"]
[BlackElo "2086"]
[PlyCount "69"]
[EventDate "2011.08.26"]
[EventType "swiss"]
[EventRounds "9"]
[EventCountry "CHI"]
[SourceTitle "CBM 144 Extra"]
[Source "ChessBase"]
[SourceDate "2011.10.28"]
[SourceVersion "1"]
[SourceVersionDate "2011.10.28"]
[SourceQuality "1"]

1. e4 e6 2. d4 d5 3. Nc3 Bb4 4. e5 c5 5. a3 Bxc3+ 6. bxc3 Ne7 7. Qg4 Qc7 8. Qxg7 Rg8 9. Qxh7 cxd4 10. Ne2 Nbc6 11. f4 dxc3 12. Qd3 Bd7 13. Qxc3 Rc8 14. Rb1 Nf5 15. Rg1 Ncd4 16. Qxc7 Rxc7 17. c3 Nxe2 18. Bxe2 Rxc3 19. Bd2 Rc7 20. g4 b6 21. Bd3 Kd8 22. Kf2 Nh4 23. h3 Ba4 24. Rgc1 Rxc1 25. Rxc1 Kd7 26. Bb4 Bc6 27. Kg3 Nf5+ 28. Bxf5 exf5 29. g5 Bb5 30. Bd6 Bc4 31. h4 Rh8 32. Bb4 Ke6 33. Rh1 Rh5 34. Rc1 Rh8 35. Bc3 1/2-1/2

[Event "Santiago de Chile zt 2.5 (Women)"]
[Site "Santiago de Chile"]
[Date "2011.??.??"]
[Round "8"]
[White "Jorquera Cabello, Valentina Paz"]
[Black "Cortes Arias, Mariela Natalia"]
[Result "1/2-1/2"]
[WhiteElo "1985"]
[BlackElo "1771"]
[PlyCount "125"]
[EventDate "2011.08.26"]
[EventType "swiss"]
[EventRounds "9"]
[EventCountry "CHI"]
[SourceTitle "CBM 144 Extra"]
[Source "ChessBase"]
[SourceDate "2011.10.28"]
[SourceVersion "1"]
[SourceVersionDate "2011.10.28"]
[SourceQuality "1"]

1. e4 e6 2. d3 d5 3. Nd2 c5 4. g3 Nc6 5. Bg2 g6 6. Ngf3 Bg7 7. 0-0 Nge7 8. Re1 h6 9. h4 b6 10. e5 Qc7 11. Qe2 g5 12. hxg5 hxg5 13. Nxg5 Qxe5 14. Qxe5 Nxe5 15. Nf1 Ba6 16. Ne3 0-0 17. f4 N5c6 18. Rb1 Rac8 19. Bd2 Nd4 20. Bc3 b5 21. a3 Nec6 22. Kf2 b4 23. Bxd4 cxd4 24. Nf1 b3 25. cxb3 Bxd3 26. Rbc1 Na5 27. Nd2 Rc2 28. Rxc2 Bxc2 29. Bh3 Nxb3 30. Nxb3 Bxb3 31. Ke2 Bc4+ 32. Kd2 Rb8 33. b4 a5 34. Rb1 axb4 35. Rxb4 Rxb4 36. axb4 Bf8 37. Bg4 Bxb4+ 38. Kc1 Be1 39. Bh5 Bxg3 40. Bxf7+ Kf8 41. Kd1 Bb3+ 42. Ke2 e5 43. fxe5 Bxe5 44. Bg6 Bc4+ 45. Bd3 Ke7 46. Nf3 Bf6 47. Nd2 Bxd3+ 48. Kxd3 Kd6 49. Nf3 Kc5 50. Nh2 Be5 51. Ng4 Bf4 52. Nf6 Be3 53. Nd7+ Kc6 54. Nf6 Bg5 55. Ng4 Bf4 56. Nf2 Kc5 57. Ng4 Kd6 58. Kxd4 Bc1 59. Nf2 Bb2+ 60. Kd3 Ke5 61. Ng4+ Kf4 62. Ne3 d4 63. Nc2 1/2-1/2

[Event "Olympiad Women-39"]
[Site "Khanty-Mansiysk"]
[Date "2010.10.03"]
[Round "11.37"]
[White "Muhtojzoda, Asila"]
[Black "Cortes Arias, Mariela Natalia"]
[Result "0-1"]
[WhiteElo "1696"]
[BlackElo "1772"]
[PlyCount "42"]
[EventDate "2010.09.21"]
[EventType "team-swiss"]
[EventRounds "11"]
[EventCountry "RUS"]
[SourceTitle "CBM 139"]
[Source "ChessBase"]
[SourceDate "2010.11.18"]
[SourceVersion "1"]
[SourceVersionDate "2010.11.18"]
[SourceQuality "1"]
[WhiteTeam "Tajikistan (W)"]
[BlackTeam "Chile (W)"]
[WhiteTeamCountry "TJK"]
[BlackTeamCountry "CHI"]

1. f4 e5 2. fxe5 d6 3. exd6 Bxd6 4. Nf3 Nf6 5. b3 Ng4 6. Bb2 Nxh2 7. e3 Bg3+ 8. Ke2 Bg4 9. d3 Qd5 10. Nbd2 Nc6 11. Bxg7 Rg8 12. Ne4 0-0-0 13. Bb2 Qf5 14. Ned2 Nb4 15. Qb1 Rge8 16. Rxh2 Bxh2 17. e4 Bg3 18. Kd1 Qf4 19. Be2 Qe3 20. Nf1 Qf2 21. Bc3 Qxg2 0-1

[Event "Olympiad Women-39"]
[Site "Khanty-Mansiysk"]
[Date "2010.09.24"]
[Round "4.40"]
[White "Sotomayor Villatoro, Silvi"]
[Black "Cortes Arias, Mariela Natalia"]
[Result "1-0"]
[WhiteElo "1777"]
[BlackElo "1772"]
[PlyCount "61"]
[EventDate "2010.09.21"]
[EventType "team-swiss"]
[EventRounds "11"]
[EventCountry "RUS"]
[SourceTitle "CBM 139"]
[Source "ChessBase"]
[SourceDate "2010.11.18"]
[SourceVersion "1"]
[SourceVersionDate "2010.11.18"]
[SourceQuality "1"]
[WhiteTeam "Guatemala (W)"]
[BlackTeam "Chile (W)"]
[WhiteTeamCountry "GUA"]
[BlackTeamCountry "CHI"]

1. d4 c5 2. e3 e6 3. Bd3 Nf6 4. Nd2 Be7 5. f4 d5 6. c3 0-0 7. Ngf3 b6 8. Ne5 c4 9. Bc2 b5 10. 0-0 Qb6 11. e4 Bb7 12. exd5 Bxd5 13. Qe2 Nc6 14. Ndf3 a5 15. g4 Rfd8 16. g5 Nxe5 17. Nxe5 Nd7 18. Bxh7+ Kf8 19. Qh5 g6 20. Bxg6 Nxe5 21. fxe5 Ke8 22. Rxf7 Kd7 23. Qh7 Re8 24. Rg7 Qc6 25. Bxe8+ Rxe8 26. Be3 Bh1 27. Qh3 Rh8 28. Qg3 Be4 29. Rf1 Bf5 30. Qf3 Be4 31. Rxe7+ 1-0